El aporte de los "indianos" a la intrucción pública, a la beneficencia y al progreso en general de España y su historia hecha en la prensa de Buenos Aires / (Record no. 42603)

MARC details
000 -LEADER
campo de control de longitud fija 01007nam a2200253 i 4500
001 - NÚMERO DE CONTROL
campo de control 42603
003 - IDENTIFICADOR DE NÚMERO DE CONTROL
campo de control ES-MaACL
005 - FECHA Y HORA DE LA ÚLTIMA TRANSACCIÓN
campo de control 20230906160638.0
007 - CAMPO FIJO DE DESCRIPCIÓN FÍSICA--INFORMACIÓN GENERAL
campo de control de longitud fija t|
008 - DATOS DE LONGITUD FIJA--INFORMACIÓN GENERAL
campo de control de longitud fija 030313s1926 sp ||||1| spa d
080 ## - NÚMERO DE LA CLASIFICACIÓN DECIMAL UNIVERSAL
Número de la Clasificación Decimal Universal 929-054.72(=1.460.12:8=134)"18/19"
080 ## - NÚMERO DE LA CLASIFICACIÓN DECIMAL UNIVERSAL
Número de la Clasificación Decimal Universal 314.743(460.12)"18/19"
080 ## - NÚMERO DE LA CLASIFICACIÓN DECIMAL UNIVERSAL
Número de la Clasificación Decimal Universal 37(460.12)
080 ## - NÚMERO DE LA CLASIFICACIÓN DECIMAL UNIVERSAL
Número de la Clasificación Decimal Universal 364.4(460.12)
100 1# - ENTRADA PRINCIPAL--NOMBRE DE PERSONA
Nombre de persona Castrillo Sagredo, Benito.
9 (RLIN) 36821
245 13 - MENCIÓN DEL TÍTULO
Título El aporte de los "indianos" a la intrucción pública, a la beneficencia y al progreso en general de España y su historia hecha en la prensa de Buenos Aires /
Mención de responsabilidad, etc. por Benito Castrillo Sagredo.
260 ## - PUBLICACIÓN, DISTRIBUCIÓN, ETC.
Lugar de publicación, distribución, etc. Oviedo :
Nombre del editor, distribuidor, etc. [s.n.],
Fecha de publicación, distribución, etc. 1926 (
Fabricante Tip. Región)
300 ## - DESCRIPCIÓN FÍSICA
Extensión 192 p. :
Otras características físicas il ;
Dimensiones 10 x 16 cm.
650 04 - PUNTO DE ACCESO ADICIONAL DE MATERIA--TÉRMINO DE MATERIA
Término de materia o nombre geográfico como elemento de entrada Asturianos-
Subdivisión geográfica América española-
Subdivisión general Historia.
9 (RLIN) 10394
650 #4 - PUNTO DE ACCESO ADICIONAL DE MATERIA--TÉRMINO DE MATERIA
Término de materia o nombre geográfico como elemento de entrada Enseñanza-
Subdivisión geográfica Asturias.
9 (RLIN) 141990
650 #4 - PUNTO DE ACCESO ADICIONAL DE MATERIA--TÉRMINO DE MATERIA
Término de materia o nombre geográfico como elemento de entrada Fundaciones benéficas-
Subdivisión geográfica Asturias.
9 (RLIN) 141991
651 #4 - PUNTO DE ACCESO ADICIONAL DE MATERIA--NOMBRE GEOGRÁFICO
Nombre geográfico Asturias (Comunidad Autónoma)-
Subdivisión general Emigración.
9 (RLIN) 141989
852 ## - LOCALIZACIÓN
Ubicación ES-MaACL
Número de control de estantería F-14537
Nota libre .- Dedicatoria del autor
Holdings
Estatus retirado Estado de pérdida Estado de daño No para préstamo Biblioteca de origen Biblioteca actual Ubicación en estantería Fecha de adquisición Fuente de adquisición Total de préstamos Signatura topográfica completa Código de barras Visto por última vez Precio de reemplazo Tipo de ítem Koha
        Biblioteca del Ateneo de Madrid Biblioteca del Ateneo de Madrid Sala Pecera Planta 2 17/01/2008     F-14537 1044847 23/02/2023 23/02/2023 Libro impreso